000 00860nam a2200253 i 4500
001 16819
003 ES-MaACL
007 t|
008 001110s1985 gw ||||1| fre d
020 _a3-598-20313-6
080 _a943.0"1933/45"
080 _a930.1:943.0"1933/45"
100 1 _aHildebrand, Klaus.
_963682
245 1 3 _aLe Troisième Reich /
_cKlaus Hildebrand ; [traduit de l'Allemand par Françoise Manfrass-Sirjacques].
260 _aMünchen [etc.] :
_bSaur,
_c1985.
300 _a244 p. ;
_c24 cm.
490 1 _aDocumentation et recherches
651 4 _aAlemania-
_xHistoria-
_y1933-1945.
_97663
651 4 _aAlemania-
_xHistoria-
_y1933-1945-
_vHistoriografía.
_97664
700 1 _aManfrass-Sirjacques, Françoise.
_975994
830 0 _aDocumentation et recherches
_9228677
852 _aES-MaACL
_jG-3942
_bR.117602
999 _c16819
_d16819